000 00612nam a22002057a 4500
005 20130508111320.0
010 _aENG-107001
020 _a9788170006428
_c1600.00
035 _aEN-90534
037 _bDBAD/PUB
082 _a025.21
100 _aJohnson, Peggy
245 _aFundamentals of collection development and management /
_cby Peggy Johnson
250 _a2nd ed
260 _aNew Delhi
_bESS ESS Publications
_c2011
270 _a4837/24, Ansari Road, Daryaganj
_bNew Delhi
_e110002
300 _axi,407p.
_c23cm(Hb)
500 _aIncludes index
942 _2ddc
_cEN
_h025.21
_mJOH
999 _c75182
_d75182